Ultimate Geography Challenge 'P' Quiz Stats

 Plays Quiz Updated Apr 20, 2014

Support Sporcle.
Go Orange.
Score 0/31 Timer 05:00
2 Plays Today
% Correct
Pennsylvania
94%
Panama
88.5%
Peru
86.9%
Portugal
83.4%
Pakistan
82.4%
Poland
82.3%
Paraguay
80.1%
Palau
79%
Paris
74.6%
Philippines
72.7%
Papua New Guinea
71.7%
Panama City
69.4%
Palestine
67.1%
Pierre
56.4%
Phoenix
55.7%
Port-au-Prince
55.3%
% Correct
Prague
53.2%
Pretoria
52.2%
Pyongyang
50%
Providence
49%
Pristina
48.3%
Port Moresby
47.4%
Port of Spain
46.7%
Paramaribo
46.3%
Phnom Penh
44.7%
Podgorica
42.9%
Porto Novo
41.1%
Port Louis
40.2%
Praia
40.1%
Palikir
36.6%
Port Vila
36.3%

From the Vault

Countries of Asia

by Matt

Geography 10m
There are over 4 billion people in Asia, try not to let them down.
Remove Ads.
Support Sporcle.
Get the best of Sporcle when you Go Orange. This ad-free experience offers more features, more stats, and more fun while also helping to support Sporcle. Thank you for becoming a member.

Show Comments

Extras

Top Quizzes Today


Score Distribution

Your Account Isn't Verified!

In order to create a playlist on Sporcle, you need to verify the email address you used during registration. Go to your Sporcle Settings to finish the process.

Report this User

Report this user for behavior that violates our Community Guidelines.

Details: